Central Library OPAC University of Rajshahi

الشوقيات ;; al-Shawqīyāt / (Record no. 78347)

MARC details
000 -LEADER
fixed length control field 00919cam a2200289 a 4500
001 - CONTROL NUMBER
control field 78347
003 - CONTROL NUMBER IDENTIFIER
rucl marc code BD-RjUL
005 - DATE AND TIME OF LATEST TRANSACTION
control field 20220113130849.0
008 - FIXED-LENGTH DATA ELEMENTS--GENERAL INFORMATION
fixed length control field 210913s1961 ua 000 0 ara d
035 ## - SYSTEM CONTROL NUMBER
System control number (BD-RjUL)78573
040 ## - CATALOGING SOURCE
Original cataloging agency LEILA
Transcribing agency LEILA
Modifying agency ORZ
-- NDD
-- DLC
Language of cataloging eng
041 ## - LANGUAGE CODE
Language code of text/sound track or separate title ara
082 ## - DEWEY DECIMAL CLASSIFICATION NUMBER
Edition number 23
Classification number 892.71
Author mark and year SHS 1961
100 1# - MAIN ENTRY--PERSONAL NAME
Personal name شوقي، احمد. ;; Shawqī, Aḥmad,
Dates associated with a name 1868-1932.
9 (RLIN) 247718
245 13 - TITLE STATEMENT
Title الشوقيات ;; al-Shawqīyāt /
Remainder of title الشوقيات ;; al-Shawqīyāt /
Statement of responsibility, etc. أحمد شوقي ;; Aḥmad Shawqī
246 30 - VARYING FORM OF TITLE
Title proper/short title Aʻmāl al-kāmilah
Title proper/short title Shawqīyāt
250 ## - EDITION STATEMENT
Edition statement Ṭabʻah khāṣṣah.
300 ## - PHYSICAL DESCRIPTION
Pagination v. in 2 ;
Size 24 cm.
505 ## - FORMATTED CONTENTS NOTE
Formatted contents note V-1.السياسة والتاريخ والاجتماع
Formatted contents note V.4.--
Formatted contents note V-1. Politics, history and society
650 ## - SUBJECT ADDED ENTRY--TOPICAL TERM
Topical term or geographic name as entry element Arabic Poetry
9 (RLIN) 247719
942 ## - ADDED ENTRY ELEMENTS (KOHA)
Source of classification or shelving scheme Dewey Decimal Classification
Koha item type Books
Holdings
Lost status Source of classification or shelving scheme Damaged status Not for loan Collection code Permanent Location Current Location Shelving location Date acquired Source of acquisition Cost, normal purchase price Total Checkouts Full call number Date last seen Copy number Koha item type
  Dewey Decimal Classification   Not For Loan Non-fiction Central Library, University of Rajshahi Central Library, University of Rajshahi Reading Room 26/10/1964 Urdu Library 10.00   A 892.71 SHS V-1 1961 12/09/2021 C-1 Books
  Dewey Decimal Classification   Not For Loan Non-fiction Central Library, University of Rajshahi Central Library, University of Rajshahi Reading Room 17/04/1964 urdu library 16.00   A 892.71 SHS V-4 1961 25/10/2021 C-1 Books
  Dewey Decimal Classification     Non-fiction Central Library, University of Rajshahi Central Library, University of Rajshahi   17/04/1964 Urdu Library, 76.00   A 892.71 SHS V-1 1961 25/10/2021 C-2 Books
  Dewey Decimal Classification     Non-fiction Central Library, University of Rajshahi Central Library, University of Rajshahi   03/10/1978 Darul Naif Egypt     A 892.71 SHS V-1 1961 26/10/2021 C-3 Books
  Dewey Decimal Classification   Not For Loan Non-fiction Central Library, University of Rajshahi Central Library, University of Rajshahi Reading Room 12/01/2022       A 892.71 SHS V-2 1961 12/01/2022 C-1 Books
  Dewey Decimal Classification   Not For Loan Non-fiction Central Library, University of Rajshahi Central Library, University of Rajshahi Reading Room 17/04/1964 Urdu Library, Rajshahi 76.00   A 892.71 SHS V-3 1961 13/01/2022 C-1 Books
  Dewey Decimal Classification     Non-fiction Central Library, University of Rajshahi Central Library, University of Rajshahi General Stacks   Urdu Library, Rajshahi     A 892.71 SHS V-1-2 1961 31/01/2022 C-4 Books
  Dewey Decimal Classification     Non-fiction Central Library, University of Rajshahi Central Library, University of Rajshahi General Stacks   Urdu Library, Rajshahi     A 892.71 SHS V-1-2 1961 31/01/2022 C-5 Books
  Dewey Decimal Classification     Non-fiction Central Library, University of Rajshahi Central Library, University of Rajshahi General Stacks   Urdu Library, Rajshahi     A 892.71 SHS V-1 1961 31/01/2022 C-4 Books
  Dewey Decimal Classification     Non-fiction Central Library, University of Rajshahi Central Library, University of Rajshahi General Stacks 03/10/1978 Dar al Maref egypt     A 892.71 SHS V-3 1961 31/01/2022 C-2 Books